|
|
|
|
| LEADER |
00861nam a2200205 a 4500 |
| 001 |
GR-MES5884 |
| 008 |
991209s gr 000 0 gre d |
| 040 |
|
|
|a GrPaTEI
|b gre
|c GR-PaULI
|
| 040 |
|
|
|a GrPaTEI
|b gre
|c GR-PaULI
|
| 245 |
0 |
0 |
|a Σύγχρονο σύσημα φυσικής αγωγής.
|
| 260 |
|
|
|a Αθήνα :
|b Σάκκουλας,
|c 1989
|
| 300 |
|
|
|a 460 σελ.- πιν. - σχημ.
|
| 504 |
|
|
|a Βιβλιογραφία (σελ. 441-460 )
|
| 650 |
|
4 |
|a ΑΘΛΗΤΙΣΜΟΣ
|
| 650 |
|
4 |
|a ΦΥΣΙΚΗ ΑΓΩΓΗ
|
| 700 |
1 |
|
|a Χατζηχαριστός, Δημήτρης
|
| 942 |
|
|
|2 ddc
|
| 952 |
|
|
|0 0
|1 0
|2 ddc
|4 0
|6 613_710000000000000_ΧΑΤ
|7 0
|9 276272
|a MSLG
|b MSLG
|c BSC
|d 2021-01-17
|e 24
|f 0
|g 0.00
|l 0
|o 613.71 ΧΑΤ
|p 2420000013278
|r 2021-01-17 00:00:00
|t 1
|w 2021-01-17
|y 7
|x 19991209 0 1
|x GrPaTEI
|
| 971 |
|
|
|a .b25843527
|b 16-04-20
|c 14-09-16
|
| 999 |
|
|
|c 160224
|d 160224
|